Your heart is your health / (Record no. 127280)

MARC details
000 -LEADER
fixed length control field 00622nam a22002297a 4500
005 - DATE AND TIME OF LATEST TRANSACTION
control field 20170124110022.0
010 ## - LIBRARY OF CONGRESS CONTROL NUMBER
LC control number A-241261
020 ## - INTERNATIONAL STANDARD BOOK NUMBER
Terms of availability 00.00
035 ## - SYSTEM CONTROL NUMBER
System control number A-241261
037 ## - SOURCE OF ACQUISITION
Source of stock number/acquisition Cen Lib/Ret
040 ## - CATALOGING SOURCE
Original cataloging agency DPL
Language of cataloging EN
082 ## - DEWEY DECIMAL CLASSIFICATION NUMBER
Classification number 616.1
Item number MAU
100 ## - MAIN ENTRY--PERSONAL NAME
Personal name Maurus, J.
9 (RLIN) 20017
245 ## - TITLE STATEMENT
Title Your heart is your health /
Statement of responsibility, etc by J.Maurus
260 ## - PUBLICATION, DISTRIBUTION, ETC. (IMPRINT)
Place of publication, distribution, etc Bombay
Name of publisher, distributor, etc Better Yourself Books
Date of publication, distribution, etc 1984
270 ## - ADDRESS
Address Bombay
City Bombay
Postal code 400050
300 ## - PHYSICAL DESCRIPTION
Extent 140p.
Dimensions 16cm(Hb)
650 ## - SUBJECT ADDED ENTRY--TOPICAL TERM
Topical term or geographic name as entry element Heart--Diseases
9 (RLIN) 20018
650 ## - SUBJECT ADDED ENTRY--TOPICAL TERM
Topical term or geographic name as entry element Heart--Diseases--Prevention
9 (RLIN) 20019
700 ## - ADDED ENTRY--PERSONAL NAME
9 (RLIN) 19918
942 ## - ADDED ENTRY ELEMENTS (KOHA)
Source of classification or shelving scheme Dewey Decimal Classification
Koha item type English Books
Classification part 616.1
Call number suffix MAU
Holdings
Withdrawn status Lost status Damaged status Not for loan Home library Current library Date acquired Source of acquisition Cost, normal purchase price Total Checkouts Full call number Barcode Date last seen Copy number Cost, replacement price Price effective from Koha item type Public note
Written off       Central Library Central Library 29/06/2015 Cen Lib/Ret 0.00   616.1 MAU A-241261 29/06/2015 1 0.00 29/06/2015 English Books Written off on approval by DLB (By Circulation); dtd 15-06-2023

© Delhi Public Library
Hit Counter
free hit counter